Statistics for Top Gear Trivia

Click here to take the quiz!

General Stats

  • This quiz has been taken 988 times
  • The average score is 10 of 15

Answer Stats

ClueAnswer% Correct
James May's nicknameCaptain Slow
95%
The Stig's original colourBlack
90%
Richard Hammond's NicknameHamster
83%
Year first broadcast (In new format)2002
82%
What actor is the last corner on the track named afterMichael Gambon
82%
Year of North Pole special2007
79%
Who gets chased by a tank whilst driving a Land RoverJeremy Clarkson
76%
US State where they were attackedAlabama
75%
Who did they find in Jesus' cot in the Middle East specialBaby Stig
71%
Country they began the Middle East special inIraq
71%
What supercar does James May now own? (2014)Ferrari F430
70%
What country did the trio offend in 2010?Mexico
63%
2013 Christmas SpecialIndia
37%
Type of vehicle that Richard Hammond crashed severely inDragster
34%
The second Stig's real nameBen Collins
33%

Score Distribution

Percentile by Number Answered

Percent of People with Each Score

Your Score History

You have not taken this quiz